000 00451nam a2200193Ia 4500
003 OSt
005 20251028100924.0
008 250729s1988 xx 000 0 und d
020 _a ‎ 978-0714541204
040 _cAL
041 _aeng
082 _a823 SEMT
100 _aSemyonov Julian
_9223459
245 _aTass is authorised to announce
260 _aNew York
_c1988
300 _a373p
650 _aFiction
_9223460
942 _2ddc
_cBED
999 _c235917
_d235917